El grillo y otros poemas /
Guardado en:
| Autor Principal: | |
|---|---|
| Otros Autores: | |
| Formato: | Libro |
| Publicado: |
Buenos Aires :
Colihue,
2014
|
| Series: | Colección Juan Gelman
|
| Materias: | |
| Etiquetas: |
Agregar Etiqueta
Sin Etiquetas, Sea el primero en etiquetar este registro!
|
| LEADER | 00964nam a22003015a 4500 | ||
|---|---|---|---|
| 001 | CEM.cems014836 | ||
| 008 | 130507s2014##################000#0#####d | ||
| 005 | 20220214183008.0 | ||
| 003 | CEMS | ||
| 245 | 1 | 0 | |a El grillo y otros poemas / |c Conrado Nalé Roxlo; ilustrado Por Sanyú |
| 260 | |a Buenos Aires : |b Colihue, |c 2014 | ||
| 300 | |a 32 p. | ||
| 490 | 0 | |a Colección Juan Gelman | |
| 500 | |a Edición especial del Ministerio de Educación de la Nación | ||
| 020 | |a 9789876848503 | ||
| 100 | 1 | |a Nalé Roxlo, Conrado | |
| 700 | 1 | |a Sanyú; il. | |
| 082 | 0 | 4 | |a A861.4 |
| 653 | |a Literatura | ||
| 653 | |a Literatura argentina | ||
| 653 | |a Literatura infantil | ||
| 653 | |a Poesía | ||
| 653 | |a Poesía argentina | ||
| 653 | |a Poesía infantil | ||
| 653 | |a Biblioteca Juan Gelman | ||
| 653 | |a Colección Juan Gelman | ||
| 859 | |a CEMS |b BIB. CEMS - 11 de abril |h A861.4 |i N147-1 |p 27435.18 |t Ej.1 | ||
| 859 | |a CEMS |b BIB. CEMS - Agricultura |h A861.4 |i N146 |p A2243.15 |t Ej.1 | ||
